|
|
|
|
| LEADER |
01378nam a2200337 a 4500 |
| 001 |
GR-Patra1545 |
| 008 |
991022s gr 000 b eng d |
| 040 |
|
|
|a GrPaTEI
|b gre
|c GR-PaULI
|
| 245 |
0 |
0 |
|a Estimating and costing in civil engineering :
|b хTheory иand practice.
|
| 250 |
|
|
|a 22nd ed.
|
| 300 |
|
|
|a xi, 906σ. :
|b πίν.
|
| 650 |
|
4 |
|a ΑΡΔΕΥΤΙΚΑ ΕΡΓΑ
|
| 650 |
|
4 |
|a ΓΕΦΥΡΕΣ
|
| 650 |
|
4 |
|a ΔΟΜΙΚΑ ΕΡΓΑ
|
| 650 |
|
4 |
|a ΔΡΟΜΟΙ
|
| 650 |
|
4 |
|a ΕΠΙΜΕΤΡΗΣΗ ΠΟΣΟΤΗΤΩΝ
|
| 650 |
|
4 |
|a ΕΡΓΑ Π/Μ
|
| 650 |
|
4 |
|a ΚΟΣΤΟΣ ΚΑΤΑΣΚΕΥΗΣ
|
| 650 |
|
4 |
|a ΠΡΟΔΙΑΓΡΑΦΕΣ
|
| 650 |
|
4 |
|a ΠΡΟΥΠΟΛΟΓΙΣΜΟΣ
|
| 650 |
|
4 |
|a ΣΤΕΓΕΣ
|
| 650 |
|
4 |
|a ΦΡΕΑΤΑ
|
| 653 |
|
|
|a ΔΟΜΙΚΑ ΕΡΓΑ - ΚΟΣΤΟΣ ΚΑΤΑΣΚΕΥΗΣ
|
| 653 |
|
|
|a ΔΟΜΙΚΑ ΕΡΓΑ - ΠΡΟΥΠΟΛΟΓΙΣΜΟΣ
|
| 653 |
|
|
|a ΕΡΓΑ ΠΟΛΙΤΙΚΩΝ ΜΗΧΑΝΙΚΩΝ - ΚΟΣΤΟΣ ΚΑΤΑΣΚΕΥΗΣ
|
| 653 |
|
|
|a ΕΡΓΑ ΠΟΛΙΤΙΚΩΝ ΜΗΧΑΝΙΚΩΝ - ΠΡΟΥΠΟΛΟΓΙΣΜΟΣ
|
| 700 |
1 |
|
|a Dutta, B. N.
|
| 942 |
|
|
|2 ddc
|
| 952 |
|
|
|0 0
|1 0
|2 ddc
|4 0
|6 692_500000000000000_DUT
|7 0
|9 282935
|a LISK
|b LISK
|c BSC
|d 2021-01-17
|e 24
|f 0
|g 0.00
|l 0
|o 692.5 DUT
|p 9241004466
|r 2021-01-17 00:00:00
|t 1
|w 2021-01-17
|y BK15
|x 19991024 0 1
|x GrPaTEI
|
| 971 |
|
|
|a .b26490432
|b 15-04-20
|c 23-09-16
|
| 999 |
|
|
|c 164717
|d 164717
|